| 000 | 01029cam a22003137a 4500 | ||
|---|---|---|---|
| 003 | CHAP | ||
| 005 | 20220329135215.0 | ||
| 008 | 971013s1956 r 00010 d | ||
| 010 | _a32597 | ||
| 011 | _a33569 | ||
| 035 | _a37685 | ||
| 040 | _cCHAP | ||
| 090 | _aFolleto 5072 v.13 | ||
| 100 | 0 | 0 |
_aMatuda Matuda, Eizi. _973103 |
| 245 | 1 | 4 | _aLas commelináceas del Estado de México |
| 260 |
_aToluca, Méx. : _bGobierno del Estado de México, _c1956 |
||
| 300 |
_a46 p. _b: ilus |
||
| 590 |
_aBATCH-UPD _b10 _c20130110 _lUCH01 _h2107 |
||
| 590 |
_aBATCH-UPD _b10 _c20130410 _lUCH01 _h1418 |
||
| 590 |
_aBATCH-UPD _b10 _c20130914 _lUCH01 _h0731 |
||
| 590 |
_aCONVERSION _b10 _c20130109 _lUCH01 _h1318 |
||
| 650 | 1 | 4 |
_aBotánica _xMéxico (Edo.) _914593 |
| 650 | 1 | 4 |
_aCommelináceas. _925932 |
| 901 | _aBK | ||
| 942 | _cFOLL | ||
| 949 |
_aFolleto 5072 v.13 _bBC _cFOLL _d-86351 _eTS1 _i37685 _si |
||
| 949 |
_aFolleto 5072 v.13 _bBC _cFOLL _d-86352 _eTS2 _fc.2 _i37685 _si |
||
| 949 |
_aFolleto 5072 v.13 _bBC _cFOLL _d-86353 _eTS2 _fc.3 _i37685 _si |
||
| 999 |
_c32597 _d32597 |
||